Normal view
MARC view
- Families
Entry Topical Term
001 - CONTROL NUMBER
- control field: 114481
003 - CONTROL NUMBER IDENTIFIER
- control field: NUST
005 - DATE AND TIME OF LATEST TRANSACTION
- control field: 20230907154601.0
008 - FIXED-LENGTH DATA ELEMENTS
- fixed length control field: 230907|| aca||aabn | a|a d
040 ## - CATALOGING SOURCE
- Original cataloging agency: NUST
- Transcribing agency: NUST
150 ## - HEADING--TOPICAL TERM
- Topical term or geographic name entry element: Families
- Topical term or geographic name entry element: Boarding schools
- Topical term or geographic name entry element: Orphans
670 ## - SOURCE DATA FOUND
- Source citation: Work cat.: (NUST): Alcott, Louisa May 11585, Little men : life at Plumfield with Jo's boys/, 1994.
